| 000 | 01311 a2200289 4500 | ||
|---|---|---|---|
| 003 | Nust | ||
| 005 | 20170207154029.0 | ||
| 020 | _a0-07-136270-3 | ||
| 020 | _a978-0-07-136270-2 | ||
| 040 | _cNust | ||
| 082 | 0 | 4 | _a621.3815 |
| 100 | 1 | _aCathey, Jimmie J. | |
| 245 | 1 | 0 |
_aSchaum's outline of theory and problems of electronic devices and circuits (E-Book) _cJimmie J. Cathey. |
| 246 | 1 | 4 | _aElectronic devices and circuits. |
| 246 | 1 | 4 | _aTheory and problems of electronic devices and circuits. |
| 250 | _a2nd ed. | ||
| 260 |
_aNew York : _bMcGraw-Hill, _cc2002. |
||
| 300 |
_avii, 310 p. : _bill. |
||
| 490 | 1 | _aSchaum's outline series. | |
| 500 | _aCircuit Analysis: Port Point of View (Page-1) Semiconductor Diodes(Page-30) | ||
| 505 | _aCharacteristics of Bipolar Junction Transistors (Page-70) Characteristics of Field-Effect Transistors and Triodes (Page-103) Transistor Bias Considerations (Page-136) Small-Signal Midfrequency BJT Amplifiers (Page-163) Small-Signal Midfrequency FET and Triode Amplifiers (Page-200) Frequency Effects in Amplifiers (Page-226) Operational Amplifiers (Page-258) Switched Mode Power Supplies (Page-287) | ||
| 650 | 0 | _aElectronic circuits | |
| 650 | 0 | _aElectronic control | |
| 651 | _a(E-Book) | ||
| 655 | 7 | _aElectronic books. | |
| 830 | 0 | _aSchaum's outline series. | |
| 942 |
_2ddc _cBK |
||
| 999 |
_c192071 _d192071 |
||